000 00716nam a2200289Ia 4500
005 20260324135215.0
008 008 260324s9999 xx 000 0 eng d
020 _a9780203457320
037 _aEBOOK
040 _aCRL
040 _beng
040 _cCRL
041 _2eng
041 _aeng
084 _qCRL
100 _aDuncan Cramer; Dennis Howitt
_91199733
245 0 _aFirst Steps In Research and Statistics
245 2 _bA Practical Workbook for Psychology Students
260 _bTaylor and Francis
260 _c2000
365 _a
365 _b300
856 _uhttp://www.taylorfrancis.com/books/9780203457320
942 _cEBOOK
999 _c1800578
_d1800578